000 00415nam a2200169Ia 4500
008 230524s9999 xx 000 0 und d
020 _a9780070635254
082 _a302.35
_bNEW
100 _aJ.W.Newston
245 0 _aOrganisational Behaviour
250 _a11TH
260 _aNEW DELHI
_bTMH
_c2004
300 _aXXIV;534
500 _aQuantity Number: 40
650 _aOrganisational Behaviour
942 _cBK
999 _c19662
_d19662